<?xml version="1.0" encoding="UTF-8"?>
<record
    xmlns:xsi="http://www.w3.org/2001/XMLSchema-instance"
    xsi:schemaLocation="http://www.loc.gov/MARC21/slim http://www.loc.gov/standards/marcxml/schema/MARC21slim.xsd"
    xmlns="http://www.loc.gov/MARC21/slim">

  <leader>01689nam a2200301 i 4500</leader>
  <controlfield tag="005">20220317000127.0</controlfield>
  <controlfield tag="007">ta</controlfield>
  <controlfield tag="008">200428s20112018mx     gr     000 0 spa d</controlfield>
  <datafield tag="020" ind1=" " ind2=" ">
    <subfield code="a">9789681607821</subfield>
  </datafield>
  <datafield tag="040" ind1=" " ind2=" ">
    <subfield code="a">CO-BoRNBP</subfield>
    <subfield code="b">spa</subfield>
    <subfield code="e">rda</subfield>
    <subfield code="c">CO-BoRNBP</subfield>
  </datafield>
  <datafield tag="041" ind1="0" ind2=" ">
    <subfield code="a">spa</subfield>
  </datafield>
  <datafield tag="043" ind1=" " ind2=" ">
    <subfield code="a">s-ck---</subfield>
  </datafield>
  <datafield tag="082" ind1="0" ind2="4">
    <subfield code="a">864.44</subfield>
    <subfield code="b">P19a</subfield>
    <subfield code="2">23</subfield>
  </datafield>
  <datafield tag="100" ind1="1" ind2=" ">
    <subfield code="a">Paz, Octavio</subfield>
    <subfield code="d">1914-1998</subfield>
    <subfield code="e">autor</subfield>
  </datafield>
  <datafield tag="245" ind1="1" ind2="3">
    <subfield code="a">El arco y la lira : el  poema. La revelaci&#xF3;n po&#xE9;tica. Poes&#xED;a e historia</subfield>
    <subfield code="c">Octavio Paz</subfield>
  </datafield>
  <datafield tag="250" ind1=" " ind2=" ">
    <subfield code="a">Cuarta edici&#xF3;n</subfield>
    <subfield code="b">Vig&#xE9;simo tercera reimpresi&#xF3;n</subfield>
  </datafield>
  <datafield tag="264" ind1=" " ind2="1">
    <subfield code="a">M&#xE9;xico</subfield>
    <subfield code="b">Fondo de Cultura Econ&#xF3;mica</subfield>
    <subfield code="c">2011</subfield>
    <subfield code="c">2018</subfield>
  </datafield>
  <datafield tag="300" ind1=" " ind2=" ">
    <subfield code="a">308 p&#xE1;ginas</subfield>
    <subfield code="c">21 cm</subfield>
  </datafield>
  <datafield tag="336" ind1=" " ind2=" ">
    <subfield code="a">texto</subfield>
    <subfield code="b">txt</subfield>
    <subfield code="2">rdacontent</subfield>
  </datafield>
  <datafield tag="337" ind1=" " ind2=" ">
    <subfield code="a">sin mediaci&#xF3;n</subfield>
    <subfield code="b">n</subfield>
    <subfield code="2">rdamedia</subfield>
  </datafield>
  <datafield tag="338" ind1=" " ind2=" ">
    <subfield code="a">volumen</subfield>
    <subfield code="b">nc</subfield>
    <subfield code="2">rdacarrier</subfield>
  </datafield>
  <datafield tag="500" ind1=" " ind2=" ">
    <subfield code="a">Incluye &#xED;ndice onom&#xE1;stico</subfield>
  </datafield>
  <datafield tag="520" ind1="3" ind2=" ">
    <subfield code="a">Reflexiones de Octavio Paz sobre el fen&#xF3;meno po&#xE9;tico. En la primera parte del libro, examina la naturaleza del poema y hace un an&#xE1;lisis de sus componentes: lenguaje, ritmo e imagen. En la segunda parte, examina las diferencias y semejanzas entre la experiencia po&#xE9;tica y la religiosa, dedica un cap&#xED;tulo al tema de la inspiraci&#xF3;n y concluye afirmando que la experiencia po&#xE9;tica es irreductible a cualquier otra. Octavio Paz explica la manera en que la po&#xE9;tica est&#xE1; directamente relacionada con la experiencia del ser humano. Sin el ser humano: lector, espectador o habitante de una obra, no se puede hablar de la existencia del fen&#xF3;meno po&#xE9;tico</subfield>
  </datafield>
  <datafield tag="650" ind1="1" ind2="7">
    <subfield code="a">Autores mexicanos</subfield>
    <subfield code="v">Ensayos, conferencias, etc</subfield>
    <subfield code="2">ARMARC</subfield>
  </datafield>
  <datafield tag="650" ind1="1" ind2="7">
    <subfield code="a">Literatura mexicana</subfield>
    <subfield code="v">Ensayos, conferencias, etc</subfield>
    <subfield code="2">ARMARC</subfield>
  </datafield>
  <datafield tag="650" ind1="1" ind2="7">
    <subfield code="a">Po&#xE9;tica</subfield>
    <subfield code="v">Ensayos, conferencias, etc</subfield>
    <subfield code="2">ARMARC</subfield>
  </datafield>
  <datafield tag="942" ind1=" " ind2=" ">
    <subfield code="2">ddc</subfield>
    <subfield code="c">BKLIT</subfield>
  </datafield>
  <datafield tag="999" ind1=" " ind2=" ">
    <subfield code="c">3173</subfield>
    <subfield code="d">3173</subfield>
  </datafield>
  <datafield tag="952" ind1=" " ind2=" ">
    <subfield code="0">0</subfield>
    <subfield code="1">0</subfield>
    <subfield code="2">ddc</subfield>
    <subfield code="4">0</subfield>
    <subfield code="7">0</subfield>
    <subfield code="8">GEN</subfield>
    <subfield code="a">MESMARTI</subfield>
    <subfield code="b">MESMARTI</subfield>
    <subfield code="c">GEN</subfield>
    <subfield code="d">2023-09-12</subfield>
    <subfield code="l">0</subfield>
    <subfield code="o">8081 P19a</subfield>
    <subfield code="p">SM002576</subfield>
    <subfield code="r">2023-09-12 21:14:26</subfield>
    <subfield code="t">Ej.1</subfield>
    <subfield code="w">2023-09-12</subfield>
    <subfield code="y">BKLIT</subfield>
  </datafield>
  <datafield tag="952" ind1=" " ind2=" ">
    <subfield code="0">0</subfield>
    <subfield code="1">0</subfield>
    <subfield code="2">ddc</subfield>
    <subfield code="4">0</subfield>
    <subfield code="7">0</subfield>
    <subfield code="8">GEN</subfield>
    <subfield code="a">MECASARI</subfield>
    <subfield code="b">MECASARI</subfield>
    <subfield code="c">GEN</subfield>
    <subfield code="d">2024-11-10</subfield>
    <subfield code="l">0</subfield>
    <subfield code="o">808.1     P19a</subfield>
    <subfield code="p">BM0001654</subfield>
    <subfield code="r">2024-11-10 08:12:38</subfield>
    <subfield code="t">Ej.1</subfield>
    <subfield code="w">2024-11-10</subfield>
    <subfield code="y">BKLIT</subfield>
  </datafield>
  <datafield tag="952" ind1=" " ind2=" ">
    <subfield code="0">0</subfield>
    <subfield code="1">0</subfield>
    <subfield code="2">ddc</subfield>
    <subfield code="4">0</subfield>
    <subfield code="7">0</subfield>
    <subfield code="8">GEN</subfield>
    <subfield code="a">MEMACYARI</subfield>
    <subfield code="b">MEMACYARI</subfield>
    <subfield code="c">GEN</subfield>
    <subfield code="d">2022-04-18</subfield>
    <subfield code="e">ministerio de cultura</subfield>
    <subfield code="f">9789681607821</subfield>
    <subfield code="l">0</subfield>
    <subfield code="o">864.44 P19a</subfield>
    <subfield code="p">9789681607821</subfield>
    <subfield code="r">2025-04-15 16:53:46</subfield>
    <subfield code="t">Ej.1</subfield>
    <subfield code="w">2025-04-15</subfield>
    <subfield code="y">BKLIT</subfield>
  </datafield>
  <datafield tag="952" ind1=" " ind2=" ">
    <subfield code="0">0</subfield>
    <subfield code="1">0</subfield>
    <subfield code="2">ddc</subfield>
    <subfield code="4">0</subfield>
    <subfield code="7">0</subfield>
    <subfield code="8">GEN</subfield>
    <subfield code="a">MEMAPJGA</subfield>
    <subfield code="b">MEMAPJGA</subfield>
    <subfield code="c">GEN</subfield>
    <subfield code="d">2026-03-20</subfield>
    <subfield code="l">0</subfield>
    <subfield code="o">864.44 P19a</subfield>
    <subfield code="p">MPJG01158</subfield>
    <subfield code="r">2026-03-20 21:58:15</subfield>
    <subfield code="t">Ej.1</subfield>
    <subfield code="w">2026-03-20</subfield>
    <subfield code="y">BKLIT</subfield>
  </datafield>
</record>
